[Event "Nuoro Olbia Oristano Province-ch"]
[Site "Siniscola"]
[Date "2015.02.14"]
[Round "5"]
[White "Passalacqua, Tullio"]
[Black "Crapulli, Giuseppe"]
[Result "0-1"]
[WhiteElo "1627"]
[BlackElo "1849"]
[PlyCount "58"]
[EventDate "2015.02.07"]
[EventType "swiss"]
[EventRounds "7"]
[EventCountry "ITA"]
[SourceTitle "EXT 2017"]
[Source "ChessBase"]
[SourceDate "2016.10.25"]
[SourceVersion "1"]
[SourceVersionDate "2016.10.25"]
[SourceQuality "1"]

1. d4 Nf6 2. Nf3 e6 3. c4 b6 4. a3 Ba6 5. Qc2 Bb7 6. Bg5 Be7 7. Nc3 d5 8. cxd5 exd5 9. e3 0-0 10. Bd3 Nbd7 11. 0-0 h6 12. Bh4 c5 13. Rac1 c4 14. Be2 a6 15. b4 b5 16. Ra1 Bc6 17. Nd2 a5 18. Qb2 Ra6 19. Ra2 Qa8 20. Rfa1 Qa7 21. bxa5 Rxa5 22. Bf3 Ra8 23. e4 Bxa3 24. Qc2 Qxd4 25. exd5 Bb7 26. Bxf6 Nxf6 27. Nxb5 Rxb5 28. Rxa3 Rxa3 29. Rxa3 Rb2 0-1

[Event "Nuoro Olbia Oristano Province-ch"]
[Site "Siniscola"]
[Date "2015.02.08"]
[Round "3"]
[White "Passalacqua, Tullio"]
[Black "Sonis, Luca"]
[Result "1-0"]
[WhiteElo "1627"]
[BlackElo "1687"]
[PlyCount "81"]
[EventDate "2015.02.07"]
[EventType "swiss"]
[EventRounds "7"]
[EventCountry "ITA"]
[SourceTitle "EXT 2017"]
[Source "ChessBase"]
[SourceDate "2016.10.25"]
[SourceVersion "1"]
[SourceVersionDate "2016.10.25"]
[SourceQuality "1"]

1. d4 d5 2. Nf3 Nf6 3. c4 dxc4 4. a4 e6 5. e3 Bb4+ 6. Nc3 Nd5 7. Bd2 Bxc3 8. bxc3 0-0 9. Bxc4 Nc6 10. 0-0 Nb6 11. Bd3 Re8 12. Qc2 h6 13. Be4 e5 14. Bxc6 bxc6 15. Nxe5 c5 16. Rfd1 Bb7 17. a5 Nd5 18. Qb3 Rb8 19. e4 cxd4 20. cxd4 f6 21. exd5 fxe5 22. d6+ Kh8 23. dxe5 cxd6 24. Bf4 d5 25. e6 Bc6 26. Bxb8 Qxb8 27. Qxb8 Rxb8 28. Rab1 Re8 29. Re1 a6 30. Rbc1 Bb5 31. Rc5 d4 32. Rd5 d3 33. e7 Kg8 34. f3 Kf7 35. Kf2 g6 36. g3 Rxe7 37. Rxe7+ Kxe7 38. Rxb5 axb5 39. a6 b4 40. a7 d2 41. Ke2 1-0

[Event "Ozieri op 13th"]
[Site "Ozieri"]
[Date "2014.07.31"]
[Round "1"]
[White "Passalacqua, Tullio"]
[Black "Chighine, Roberto"]
[Result "1-0"]
[WhiteElo "1663"]
[BlackElo "1434"]
[PlyCount "39"]
[EventDate "2014.07.31"]
[EventType "swiss"]
[EventRounds "7"]
[EventCountry "ITA"]
[SourceTitle "EXT 2016"]
[Source "ChessBase"]
[SourceDate "2015.10.08"]
[SourceVersion "1"]
[SourceVersionDate "2015.10.08"]
[SourceQuality "1"]

1. d4 e6 2. c4 d5 3. Nf3 Nf6 4. Bg5 Be7 5. e3 Nbd7 6. Bd3 0-0 7. Nc3 dxc4 8. Bxc4 b6 9. 0-0 Bb7 10. Rc1 c5 11. dxc5 Nxc5 12. Qe2 Qc7 13. Rfd1 Nfe4 14. Nb5 Qb8 15. Bxe7 Re8 16. Bxc5 Nxc5 17. Nd6 Bxf3 18. Qxf3 Rd8 19. Qxf7+ Kh8 20. Qf4 1-0

[Event "Sardegna Region-ch"]
[Site "Sardara"]
[Date "2011.05.21"]
[Round "1"]
[White "Altea, Alessandro"]
[Black "Passalacqua, Tullio"]
[Result "1-0"]
[WhiteElo "1813"]
[BlackElo "1479"]
[PlyCount "113"]
[EventDate "2011.05.23"]
[EventType "swiss"]
[EventRounds "8"]
[EventCountry "ITA"]
[SourceTitle "EXT 2023"]
[Source "ChessBase"]
[SourceDate "2022.10.05"]
[SourceVersion "1"]
[SourceVersionDate "2022.10.05"]
[SourceQuality "1"]

1. c4 c6 2. Nf3 e6 3. g3 d5 4. cxd5 exd5 5. Bg2 Bb4 6. 0-0 Nf6 7. d4 0-0 8. Qc2 Bg4 9. Qb3 Qe7 10. e3 Ne4 11. a3 Ba5 12. Nbd2 Qc7 13. Qc2 Re8 14. b4 Bb6 15. Nxe4 dxe4 16. Ne5 Bf3 17. Nxf3 exf3 18. Bxf3 Qe7 19. Bg2 Nd7 20. Bb2 Nf6 21. Rac1 a6 22. Rfd1 Rad8 23. Qc3 Bc7 24. Qc2 h5 25. d5 Bb8 26. dxc6 Rxd1+ 27. Rxd1 Rc8 28. Qf5 Rc7 29. Be5 bxc6 30. Bxc7 Bxc7 31. Bxc6 Qe6 32. Qxe6 fxe6 33. Rc1 Kf7 34. Bb7 Bd6 35. Bxa6 Ng4 36. Rd1 Ke7 37. Rc1 Ne5 38. Be2 g6 39. Kf1 Kd7 40. f4 Nf7 41. Bd3 Nh8 42. Rc4 Ke7 43. a4 Kf6 44. a5 Nf7 45. a6 Bb8 46. Ke2 Nd6 47. Rc6 Nf5 48. Bxf5 gxf5 49. Rc8 Ba7 50. Rc7 Bb6 51. Rb7 h4 52. Rxb6 Kg6 53. a7 Kh5 54. a8Q Kg4 55. gxh4 Kh3 56. Qf3+ Kxh2 57. Kf2 1-0

[Event "Sardegna Region-ch"]
[Site "Sardara"]
[Date "2011.05.21"]
[Round "2"]
[White "Passalacqua, Tullio"]
[Black "Sanna, Yuri"]
[Result "0-1"]
[WhiteElo "1479"]
[BlackElo "1779"]
[PlyCount "68"]
[EventDate "2011.05.23"]
[EventType "swiss"]
[EventRounds "8"]
[EventCountry "ITA"]
[SourceTitle "EXT 2023"]
[Source "ChessBase"]
[SourceDate "2022.10.05"]
[SourceVersion "1"]
[SourceVersionDate "2022.10.05"]
[SourceQuality "1"]

1. d4 e5 2. c3 d5 3. dxe5 f6 4. e4 c6 5. Qh5+ g6 6. Qd1 fxe5 7. Ne2 Nf6 8. Ng3 Bg7 9. Bg5 0-0 10. exd5 cxd5 11. Qb3 Kh8 12. Bb5 Nc6 13. 0-0 Be6 14. Qc2 Rc8 15. Qe2 Qc7 16. Nd2 Nd8 17. Nf3 Nf7 18. Ba4 Bg4 19. Bxf6 Bxf6 20. h3 Bf5 21. Nxf5 gxf5 22. Bc2 e4 23. Ne1 Rg8 24. Qd2 Ng5 25. Qxd5 Nxh3+ 26. Kh1 Rg5 27. gxh3 Rh5 28. f4 Rg8 29. Kh2 Qg7 30. Qxg8+ Qxg8 31. Ng2 Qg4 32. Bb3 Qxh3+ 33. Kg1 e3 34. Nh4 Rxh4 0-1